[Event "Nordnorsk Mesterskap 2025"]
[Site "Arena Nord Norge Thon Hotell H"]
[Date "2025.06.06"]
[Round "1"]
[White "Tørfoss, Sivert S."]
[Black "Larsen, Martin H."]
[Result "0-1"]
[WhiteElo "2219"]
[BlackElo "2022"]
[PlyCount "142"]
[EventDate "2025.??.??"]

1. Nf3 Nf6 2. g3 d5 3. d4 Bg4 4. Bg2 e6 5. c4 c6 6. h3 Bf5 7. Nc3 Nbd7 8. Qb3
Qb6 9. c5 Qxb3 10. axb3 Be7 11. b4 Ne4 12. O-O O-O 13. Nd2 Nxc3 14. bxc3 a6 15.
Nb3 f6 16. Na5 Rab8 17. c4 Bd8 18. cxd5 Bxa5 19. bxa5 exd5 20. Bf4 Rbe8 21. Ra2
Rf7 22. Bd6 Nf8 23. Rb2 h5 24. f3 Re3 25. Ra1 Ne6 26. Ra4 Nd8 27. Bf4 Re8 28.
h4 Rfe7 29. Kf2 Kf7 30. Rab4 Rd7 31. R2b3 Rde7 32. e3 Bc2 33. Rc3 Bf5 34. Rb2
g6 35. Bd6 Rd7 36. Rcb3 g5 37. hxg5 fxg5 38. Be5 Kg6 39. Bf1 Rf8 40. Ke1 Rff7
41. Rh2 Rh7 42. Rhb2 Nf7 43. Bb8 Nh6 44. Rb6 g4 45. f4 Be4 46. Kf2 h4 47. gxh4
Nf5 48. h5+ Rxh5 49. Bg2 Bxg2 50. Kxg2 Nxe3+ 51. Kf2 Nd1+ 52. Kg3 Nxb2 53. Rxb2
Rdh7 54. f5+ Kxf5 55. Rf2+ Kg6 56. Be5 Rh3+ 57. Kg2 Rf3 58. Re2 Re7 59. Ra2 Kf5
60. Re2 Rf4 61. Rb2 Rxe5 62. dxe5 Kxe5 63. Rxb7 Kd4 64. Kg3 Re4 65. Rb6 Kxc5
66. Rxa6 Ra4 67. Ra8 Kb5 68. Rc8 c5 69. a6 Rxa6 70. Kxg4 Rf6 71. Kg5 Rf1 0-1

[Event "Nordnorsk Mesterskap 2025"]
[Site "Arena Nord Norge Thon Hotell H"]
[Date "2025.06.06"]
[Round "1"]
[White "Halvorsen, Benjamin"]
[Black "Søraas, Torben"]
[Result "1-0"]
[WhiteElo "1976"]
[BlackElo "2122"]
[PlyCount "71"]
[EventDate "2025.??.??"]

1. e4 e6 2. d4 d5 3. Nc3 dxe4 4. Nxe4 Nd7 5. Nf3 Ngf6 6. Nxf6+ Nxf6 7. Be3 Bd6
8. Bd3 Nd5 9. Bg5 Be7 10. Bxe7 Qxe7 11. Qd2 Bd7 12. Ne5 O-O-O 13. O-O g5 14. c4
Nf4 15. Be4 f6 16. Nxd7 Qxd7 17. d5 exd5 18. cxd5 Rhe8 19. Qc2 Re5 20. d6 Rde8
21. Bf3 Qxd6 22. Qxh7 Kb8 23. Rad1 Qb6 24. g3 Ne2+ 25. Kh1 a6 26. Qd3 R5e6 27.
Rd2 Rd6 28. Qg6 Rde6 29. Qd3 Qb5 30. Qxb5 axb5 31. Rfd1 R8e7 32. Rc2 c5 33.
Rxc5 Rc7 34. Rxc7 Kxc7 35. Rd2 Nc1 36. Rc2+ 1-0

[Event "Nordnorsk Mesterskap 2025"]
[Site "Arena Nord Norge Thon Hotell H"]
[Date "2025.06.06"]
[Round "1"]
[White "Røyset, Pål N."]
[Black "Solbu, August"]
[Result "1/2-1/2"]
[WhiteElo "2105"]
[BlackElo "1907"]
[PlyCount "75"]
[EventDate "2025.??.??"]

1. e4 c5 2. c3 d5 3. exd5 Qxd5 4. d4 Nf6 5. Nf3 Bg4 6. Qa4+ Nc6 7. Bc4 Qd7 8.
Nbd2 e6 9. Bb5 Bxf3 10. Nxf3 Rc8 11. Ne5 Qc7 12. Bf4 Bd6 13. O-O O-O 14. Rfe1
Nh5 15. Bxc6 Nxf4 16. Be4 cxd4 17. cxd4 f5 18. Bf3 Bxe5 19. dxe5 Nd3 20. Rf1
Nxe5 21. Bd1 Qb6 22. Bb3 Nd3 23. Qa3 Nc5 24. Bc2 Rfe8 25. Rae1 a5 26. Re2 Rcd8
27. Qe3 Qc6 28. Rc1 Nd3 29. Rb1 Nb4 30. Bb3 Nd5 31. Qd4 b5 32. a3 a4 33. Ba2
Kh8 34. Rd2 h6 35. Rbd1 Rd7 36. Qh4 Red8 37. g3 Kh7 38. Bxd5 1/2-1/2

[Event "Nordnorsk Mesterskap 2025"]
[Site "Arena Nord Norge Thon Hotell H"]
[Date "2025.06.06"]
[Round "1"]
[White "Gulljord, Birk"]
[Black "Valvåg, Torbjørn"]
[Result "0-1"]
[WhiteElo "1900"]
[BlackElo "2088"]
[PlyCount "94"]
[EventDate "2025.??.??"]

1. d4 d5 2. c4 c6 3. Nf3 Nf6 4. e3 Bf5 5. Nc3 e6 6. Nh4 Bg6 7. Nxg6 hxg6 8. Bd2
Nbd7 9. Qc2 Be7 10. O-O-O Qc7 11. Ne2 Ng4 12. Be1 Rxh2 13. Rxh2 Nxh2 14. Ng3
Nxf1 15. Nxf1 O-O-O 16. f3 dxc4 17. Qxc4 Nb6 18. Qb3 Nd5 19. Kb1 Qb6 20. Qxb6
Nxb6 21. Kc2 Nd5 22. a3 Rh8 23. Bg3 Rh1 24. Kd3 g5 25. Ke2 f5 26. Rd3 f4 27.
Bf2 fxe3 28. Bxe3 Nf4+ 29. Bxf4 gxf4 30. Kf2 Bh4+ 31. g3 Bxg3+ 32. Kg2 Rh6 33.
Nxg3 Rg6 34. Rd1 Rxg3+ 35. Kf2 Rg5 36. Re1 Kd7 37. Re4 Rf5 38. Kg2 g5 39. Kh3
Ke7 40. Kg4 Kf6 41. b4 Rd5 42. Kh5 a5 43. Kg4 axb4 44. axb4 Rb5 45. Re5 Rxe5
46. dxe5+ Kxe5 47. Kxg5 b6 0-1

[Event "Nordnorsk Mesterskap 2025"]
[Site "Arena Nord Norge Thon Hotell H"]
[Date "2025.06.06"]
[Round "1"]
[White "Hammari, Vinjar"]
[Black "Selnes, Odd K."]
[Result "1-0"]
[WhiteElo "2070"]
[BlackElo "1873"]
[PlyCount "53"]
[EventDate "2025.??.??"]

1. e4 c6 2. d4 d5 3. e5 c5 4. dxc5 Nc6 5. f4 e6 6. Be3 d4 7. Bf2 Bxc5 8. Nd2
Nge7 9. Bd3 Nd5 10. Qf3 Qa5 11. Qg3 g6 12. Ngf3 Ne3 13. Ke2 Nf5 14. Qh3 Qb6 15.
a3 a5 16. Ng5 h6 17. Nde4 Be7 18. g4 Ne3 19. Rhg1 Nd5 20. Bg3 Qxb2 21. Rgb1
Nc3+ 22. Nxc3 Qxc3 23. Ne4 Qxa3 24. Nf6+ Kf8 25. Rxa3 Bxa3 26. f5 exf5 27. gxf5
1-0

[Event "Nordnorsk Mesterskap 2025"]
[Site "Arena Nord Norge Thon Hotell H"]
[Date "2025.06.06"]
[Round "1"]
[White "Remman, Frank R."]
[Black "Bech, Håvard E."]
[Result "0-1"]
[WhiteElo "1855"]
[BlackElo "2037"]
[PlyCount "114"]
[EventDate "2025.??.??"]

1. d4 d5 2. c4 e6 3. g3 Nf6 4. Bg2 Bb4+ 5. Bd2 Be7 6. Nf3 O-O 7. O-O c6 8. Qc2
Nbd7 9. Bg5 b6 10. Nbd2 Bb7 11. e4 dxe4 12. Nxe4 c5 13. Nxf6+ Nxf6 14. Bxf6
Bxf6 15. dxc5 bxc5 16. Ng5 Bxg5 17. Bxb7 Rb8 18. Be4 g6 19. Rad1 Qc7 20. b3 Bf6
21. Qe2 Bd4 22. Bb1 a5 23. Bc2 a4 24. Rb1 axb3 25. Rxb3 Ra8 26. Bb1 Rfb8 27.
Qc2 Rxb3 28. axb3 Ra3 29. Qd3 Qb7 30. Bc2 Ra2 31. Re1 Qb4 32. Re2 Qa3 33. Kg2
Ra1 34. Qd2 Qb2 35. h4 Rc1 36. h5 Qa1 37. b4 Rg1+ 38. Kf3 Qa3+ 39. Bd3 cxb4 40.
hxg6 hxg6 41. Kg4 Qa5 42. Qg5 Qxg5+ 43. Kxg5 b3 44. Re4 e5 45. c5 b2 46. c6
b1=Q 47. Bxb1 Rxb1 48. f4 Kg7 49. fxe5 f6+ 50. exf6+ Bxf6+ 51. Kf4 Rc1 52. Re6
Kf7 53. Rd6 Be7 54. Rd7 Rxc6 55. Rd3 Bf6 56. g4 Rc4+ 57. Ke3 Rc3 0-1

[Event "Nordnorsk Mesterskap 2025"]
[Site "Arena Nord Norge Thon Hotell H"]
[Date "2025.06.07"]
[Round "2"]
[White "Solbu, August"]
[Black "Tørfoss, Sivert S."]
[Result "1/2-1/2"]
[WhiteElo "1907"]
[BlackElo "2219"]
[PlyCount "159"]
[EventDate "2025.??.??"]

1. e4 e5 2. Nf3 Nc6 3. Bc4 Bc5 4. d4 Bxd4 5. Nxd4 Nxd4 6. Be3 Nc6 7. O-O Nf6 8.
f4 Qe7 9. f5 b6 10. Nc3 Na5 11. Qe2 c6 12. Rad1 Nxc4 13. Qxc4 Bb7 14. Bg5 Rd8
15. Rf3 O-O 16. Rfd3 d5 17. exd5 cxd5 18. Nxd5 Bxd5 19. Rxd5 Rxd5 20. Rxd5 h6
21. Bh4 Rd8 22. Rd3 Rxd3 23. cxd3 Qd6 24. Bxf6 Qxf6 25. Qe4 a5 26. a3 Qd6 27.
b4 Qc7 28. bxa5 bxa5 29. a4 Qc1+ 30. Kf2 Qd2+ 31. Kf3 f6 32. h3 Kh7 33. h4 Kg8
34. Qd5+ Kh8 35. Qa8+ Kh7 36. Qe4 Qc2 37. Ke3 Qd1 38. Kf2 Qc2+ 39. Ke3 Qa2 40.
Qc6 Qa1 41. Qe4 Qb2 42. Qg4 Qc1+ 43. Ke2 Qc2+ 44. Ke3 Qc6 45. Qe4 Qb6+ 46. Ke2
Qc5 47. Qg4 Kh8 48. Qe4 Qc3 49. Qa8+ Kh7 50. Qe4 Qc5 51. Qg4 Qc2+ 52. Ke3 Kh8
53. Qe4 Qc3 54. Qa8+ Kh7 55. Qe4 Qe1+ 56. Kf3 Qd2 57. Qc4 Qe1 58. Qe4 Qd2 59.
Qc4 Qd1+ 60. Kf2 Qb1 61. Ke2 Qb2+ 62. Kf3 Qa1 63. Qe4 Qf1+ 64. Ke3 Qh1 65. Ke2
Qc1 66. Kf3 h5 67. Ke2 Qc2+ 68. Ke3 Qd1 69. Kf2 Qc1 70. Ke2 Qc2+ 71. Ke3 Qd1
72. Kf2 Qd2+ 73. Kf3 Qc2 74. Ke3 Qc5+ 75. Ke2 Qc1 76. Kf3 Qd2 77. Qc4 Qd1+ 78.
Kf2 Qd2+ 79. Kf3 Qd1+ 80. Kf2 1/2-1/2

[Event "Nordnorsk Mesterskap 2025"]
[Site "Arena Nord Norge Thon Hotell H"]
[Date "2025.06.07"]
[Round "2"]
[White "Søraas, Torben"]
[Black "Remman, Frank R."]
[Result "1-0"]
[WhiteElo "2122"]
[BlackElo "1855"]
[PlyCount "101"]
[EventDate "2025.??.??"]

1. e4 c5 2. Nc3 Nc6 3. g3 g6 4. Bg2 Bg7 5. d3 d6 6. Nge2 e5 7. Nd5 Be6 8. Nec3
Nge7 9. h4 h6 10. O-O O-O 11. Bd2 Qd7 12. Bxh6 Nxd5 13. Nxd5 Bxd5 14. Bxg7 Kxg7
15. exd5 Ne7 16. f4 f6 17. Qf3 Qa4 18. c3 Rad8 19. a3 Qb3 20. Rf2 c4 21. Re1
cxd3 22. Qxd3 Rde8 23. Qf3 exf4 24. Rfe2 Kf7 25. Qg4 Qb6+ 26. Kh1 Nf5 27. Qxf4
Rxe2 28. Rxe2 Re8 29. Rxe8 Kxe8 30. h5 Qe3 31. Qxe3+ Nxe3 32. hxg6 Nd1 33. c4
Nxb2 34. c5 Nc4 35. c6 Nb6 36. c7 Kf8 37. Bh3 Kg7 38. c8=Q Nxc8 39. Bxc8 Kxg6
40. Bxb7 Kf5 41. Kg2 Ke4 42. Kf2 Ke5 43. Ke3 Kf5 44. Kf3 Kg5 45. Bc8 Kh5 46.
Kf4 Kg6 47. Be6 Kh6 48. Kf5 Kg7 49. g4 a6 50. Bc8 a5 51. Be6 1-0

[Event "Nordnorsk Mesterskap 2025"]
[Site "Arena Nord Norge Thon Hotell H"]
[Date "2025.06.07"]
[Round "2"]
[White "Larsen, Martin H."]
[Black "Røyset, Pål N."]
[Result "1-0"]
[WhiteElo "2022"]
[BlackElo "2105"]
[PlyCount "117"]
[EventDate "2025.??.??"]

1. e4 c5 2. b3 Nc6 3. Bb2 Nf6 4. e5 Nd5 5. Nc3 Nxc3 6. Bxc3 d5 7. exd6 Qxd6 8.
Nf3 Bg4 9. Be2 f6 10. O-O e5 11. a3 Be6 12. b4 O-O-O 13. bxc5 Qc7 14. Qb1 e4
15. Ne1 Bxc5 16. Bb4 Bd4 17. c3 Be5 18. Qxe4 f5 19. Qh4 Bf6 20. Qh3 Rxd2 21.
Qe3 Qd7 22. Nf3 Rb2 23. Bb5 Rd8 24. Qc1 Ra2 25. Rxa2 Bxa2 26. Ba5 b6 27. c4 Bb3
28. Bc3 Qd6 29. Bxf6 gxf6 30. Qb1 Na5 31. Qxf5+ Kb8 32. h4 Nb7 33. Re1 Nc5 34.
Qxh7 a6 35. Be8 Bxc4 36. Bg6 Bb5 37. h5 Bc6 38. Qe7 Qxe7 39. Rxe7 Rh8 40. Nd4
Bd7 41. Rf7 Kc7 42. Rxf6 b5 43. g4 a5 44. Bf5 Be8 45. h6 b4 46. axb4 axb4 47.
h7 b3 48. Ne6+ Nxe6 49. Rxe6 Bb5 50. Re5 Kb6 51. g5 b2 52. g6 Rf8 53. Bb1 Rc8
54. Rxb5+ Kxb5 55. Bd3+ Kc5 56. g7 Kd4 57. g8=Q Rc1+ 58. Kg2 Kxd3 59. Qb3+ 1-0

[Event "Nordnorsk Mesterskap 2025"]
[Site "Arena Nord Norge Thon Hotell H"]
[Date "2025.06.07"]
[Round "2"]
[White "Valvåg, Torbjørn"]
[Black "Halvorsen, Benjamin"]
[Result "1-0"]
[WhiteElo "2088"]
[BlackElo "1976"]
[PlyCount "91"]
[EventDate "2025.??.??"]

1. d4 d5 2. Nf3 Nf6 3. g3 e6 4. Bg2 Be7 5. O-O O-O 6. c4 dxc4 7. Qc2 c6 8. a4
b6 9. Na3 Bb7 10. Nxc4 c5 11. Rd1 Nbd7 12. dxc5 Bxc5 13. Nce5 Qc7 14. Nc4 Be4
15. Qc3 Nd5 16. Qb3 Bxf2+ 17. Kxf2 Nc5 18. Qa3 Bc2 19. Rd4 Nb3 20. Bf4 Nxf4 21.
Rxf4 Nxa1 22. Qxa1 Bb3 23. Nfd2 e5 24. Rh4 g5 25. Rg4 h6 26. Bxa8 Rxa8 27. Ne3
f5 28. Rb4 Be6 29. Qa3 f4 30. gxf4 exf4 31. Nd1 Qc5+ 32. e3 Qc2 33. Ke1 Qc6 34.
Re4 Bf5 35. Qb3+ Kh8 36. Re7 fxe3 37. Qxe3 Qf6 38. Qc3 Qxc3 39. Nxc3 a6 40. Nc4
Rb8 41. Nd6 Bh3 42. Nd5 Rf8 43. Nf7+ Rxf7 44. Rxf7 Be6 45. Rf8+ Kg7 46. Rd8 1-0

[Event "Nordnorsk Mesterskap 2025"]
[Site "Arena Nord Norge Thon Hotell H"]
[Date "2025.06.07"]
[Round "2"]
[White "Bech, Håvard E."]
[Black "Hammari, Vinjar"]
[Result "0-1"]
[WhiteElo "2037"]
[BlackElo "2070"]
[PlyCount "42"]
[EventDate "2025.??.??"]

1. d4 d5 2. c4 dxc4 3. e3 e5 4. Bxc4 Nc6 5. Nf3 e4 6. Nfd2 Qg5 7. Nxe4 Qxg2 8.
Ng3 Qh3 9. Nc3 Nf6 10. Qb3 Bd6 11. Nce4 Nxe4 12. Nxe4 O-O 13. Nxd6 cxd6 14. Bd2
Bg4 15. Bd5 Rae8 16. Qc4 Kh8 17. Rg1 f5 18. Bxc6 bxc6 19. Qf1 Qxh2 20. f3 Bxf3
21. Qf2 Qh5 0-1

[Event "Nordnorsk Mesterskap 2025"]
[Site "Arena Nord Norge Thon Hotell H"]
[Date "2025.06.07"]
[Round "2"]
[White "Selnes, Odd K."]
[Black "Gulljord, Birk"]
[Result "1-0"]
[WhiteElo "1873"]
[BlackElo "1900"]
[PlyCount "75"]
[EventDate "2025.??.??"]

1. d4 Nf6 2. c4 e6 3. Nf3 b6 4. Nc3 Bb4 5. Bg5 Bb7 6. e3 h6 7. Bxf6 Qxf6 8. Rc1
a5 9. Be2 d6 10. O-O Bxc3 11. Rxc3 Nd7 12. Qc2 h5 13. Rb1 h4 14. h3 Rh6 15. b4
Rg6 16. Kh1 e5 17. c5 axb4 18. Rxb4 dxc5 19. dxc5 Kf8 20. cxb6 c5 21. Rxh4 e4
22. Rf4 Qe6 23. Bc4 Bd5 24. Nd2 Bxc4 25. Nxc4 Nxb6 26. Rxe4 Qf6 27. Nxb6 Qxb6
28. Rxc5 Rd8 29. Rc8 Rgd6 30. Rxd8+ Rxd8 31. Rc4 Qa6 32. Qb3 Kg8 33. a4 Rd2 34.
Qb8+ Kh7 35. Rh4+ Kg6 36. Qg3+ Kf6 37. Rf4+ Ke7 38. Qxg7 1-0

[Event "Nordnorsk Mesterskap 2025"]
[Site "Arena Nord Norge Thon Hotell H"]
[Date "2025.06.07"]
[Round "3"]
[White "Søraas, Torben"]
[Black "Valvåg, Torbjørn"]
[Result "1/2-1/2"]
[WhiteElo "2122"]
[BlackElo "2088"]
[PlyCount "178"]
[EventDate "2025.??.??"]

1. e4 c5 2. Nc3 Nc6 3. g3 g6 4. Bg2 Bg7 5. d3 d6 6. Nge2 Rb8 7. O-O Nd4 8. a4
e6 9. Be3 Ne7 10. Qd2 O-O 11. Nc1 b6 12. Nb5 Ndc6 13. Bh6 d5 14. Bxg7 Kxg7 15.
Ne2 a6 16. exd5 Nxd5 17. Nbc3 Nce7 18. Ne4 Nf5 19. a5 Bb7 20. axb6 Qxb6 21. b3
Rfd8 22. Ra5 Rbc8 23. Rfa1 Qb4 24. R1a4 Qxd2 25. Nxd2 Bc6 26. Ra1 Nb4 27. Rc1
Nd4 28. Nxd4 cxd4 29. Nc4 Bb5 30. Kf1 Rc7 31. Ke1 h5 32. Kd2 Rdc8 33. h4 Kg8
34. Re1 Rd8 35. Re2 Kg7 36. Ra1 Kf8 37. Rae1 Rc5 38. Ra1 Rc7 39. Kc1 Rdc8 40.
Kb2 Rc5 41. Ka3 a5 42. Rae1 Ba6 43. Ra1 Rb8 44. Kb2 Bxc4 45. dxc4 d3 46. cxd3
Nxd3+ 47. Kc3 Nb4 48. Rd2 Ke7 49. f4 Rb6 50. Rad1 Rc7 51. Bf3 Na6 52. Ra2 Nc5
53. Ra3 Rc8 54. Rd4 Rcb8 55. Bd1 R6b7 56. Bc2 f5 57. Rd1 Kf6 58. Re1 Rb6 59.
Re5 Nb7 60. Bd1 Rc8 61. Ra2 Ke7 62. Ra3 Kf6 63. Re2 Rc5 64. Re3 Rc7 65. Re5 Ke7
66. Ra1 Kf6 67. Raxa5 Nxa5 68. Rxa5 Rd6 69. Bc2 Rdc6 70. Bd3 Ke7 71. b4 Kd6 72.
Kd4 Rc8 73. Ra7 R6c7 74. c5+ Ke7 75. Ra6 Rd8+ 76. Kc3 Rcd7 77. Bc4 Rd1 78.
Rxe6+ Kf8 79. Rxg6 Rc1+ 80. Kb3 Rd4 81. Be6 Rb1+ 82. Kc3 Rdxb4 83. c6 Rb6 84.
Bd7 Ke7 85. Re6+ Kd8 86. Kd4 R6b5 87. Rh6 R1b4+ 88. Kc3 Rb3+ 89. Kc4 R3b4+
1/2-1/2

[Event "Nordnorsk Mesterskap 2025"]
[Site "Arena Nord Norge Thon Hotell H"]
[Date "2025.06.07"]
[Round "3"]
[White "Hammari, Vinjar"]
[Black "Larsen, Martin H."]
[Result "1/2-1/2"]
[WhiteElo "2070"]
[BlackElo "2022"]
[PlyCount "68"]
[EventDate "2025.??.??"]

1. e4 c5 2. Nf3 e6 3. d4 cxd4 4. Nxd4 Nc6 5. Bf4 Nxd4 6. Qxd4 Ne7 7. Nc3 Nc6 8.
Qd2 a6 9. O-O-O Be7 10. Bc4 Qa5 11. Bd6 Bf6 12. f4 b5 13. e5 Bd8 14. Bb3 Bb6
15. Qd3 Nd4 16. Qe4 Nc6 17. f5 Bb7 18. fxe6 fxe6 19. Qg4 O-O-O 20. Bxe6 dxe6
21. Qxe6+ Rd7 22. Bb4 Be3+ 23. Kb1 Qd8 24. Bd6 b4 25. Nd5 Re8 26. Qg4 Nxe5 27.
Bxe5 Rxe5 28. Nxe3 Rxe3 29. Qc4+ Qc7 30. Qg8+ Rd8 31. Rxd8+ Qxd8 32. Qc4+ Qc7
33. Qg8+ Qd8 34. Qc4+ Qc7 1/2-1/2

[Event "Nordnorsk Mesterskap 2025"]
[Site "Arena Nord Norge Thon Hotell H"]
[Date "2025.06.07"]
[Round "3"]
[White "Solbu, August"]
[Black "Bech, Håvard E."]
[Result "0-1"]
[WhiteElo "1907"]
[BlackElo "2037"]
[PlyCount "76"]
[EventDate "2025.??.??"]

1. e4 c6 2. d4 d5 3. exd5 cxd5 4. Bd3 Nc6 5. c3 Nf6 6. h3 e5 7. dxe5 Nxe5 8.
Qe2 Ne4 9. Bxe4 dxe4 10. Qxe4 Bd6 11. Nf3 O-O 12. Nxe5 Bxe5 13. O-O Re8 14. Qc2
Bd7 15. Nd2 Bc6 16. Nc4 Bc7 17. Rd1 Qf6 18. Be3 Bxg2 19. Kxg2 Qc6+ 20. Kg1 Qxc4
21. Rd4 Qc6 22. Rad1 Re6 23. Rg4 Qf3 24. Rg2 Qxh3 25. Rd3 Rg6 26. Rxg6 Qh2+ 27.
Kf1 hxg6 28. Qb3 Qh1+ 29. Ke2 Qc6 30. Qd5 Qa6 31. Bd4 Re8+ 32. Kd2 Bf4+ 33. Be3
Qb6 34. Qb3 Bxe3+ 35. fxe3 Qc7 36. Qa4 Qh2+ 37. Ke1 Re5 38. Kd1 Qxb2 0-1

[Event "Nordnorsk Mesterskap 2025"]
[Site "Arena Nord Norge Thon Hotell H"]
[Date "2025.06.07"]
[Round "3"]
[White "Halvorsen, Benjamin"]
[Black "Selnes, Odd K."]
[Result "1-0"]
[WhiteElo "1976"]
[BlackElo "1873"]
[PlyCount "121"]
[EventDate "2025.??.??"]

1. e4 c6 2. d4 d5 3. Nc3 dxe4 4. Nxe4 Bf5 5. Ng3 Bg6 6. h4 h6 7. Nf3 Nd7 8. h5
Bh7 9. Bd3 Bxd3 10. Qxd3 Ngf6 11. Bd2 e6 12. O-O-O Be7 13. Qe2 O-O 14. Ne5 Qc7
15. Ng6 Rfe8 16. Nxe7+ Rxe7 17. Nf5 Ree8 18. Ne3 Ne4 19. Be1 Ndf6 20. g4 Qf4
21. Kb1 Ng5 22. Rd3 Qf3 23. Qxf3 Nxf3 24. Bb4 Ne4 25. Nd1 Nfg5 26. f3 Nf6 27.
Re1 Rad8 28. Bd2 Rd7 29. Re5 Red8 30. c3 Ngh7 31. Nf2 b6 32. Kc2 Rd5 33. Rxd5
cxd5 34. a4 Rc8 35. Nh3 Nd7 36. Bf4 Nhf6 37. Rd1 Nb8 38. Nf2 Nc6 39. b3 Nd7 40.
Kb2 f6 41. Bg3 Kf7 42. Nh3 Re8 43. Nf4 Nf8 44. c4 Nb4 45. Be1 Nc6 46. c5 g5 47.
hxg6+ Nxg6 48. Nxg6 Kxg6 49. Bc3 bxc5 50. dxc5 Rd8 51. b4 d4 52. Bd2 Ne5 53.
Rh1 Nxf3 54. Bxh6 d3 55. Be3 d2 56. Rd1 Rd3 57. c6 Ne5 58. c7 Rxe3 59. c8=Q
Nd3+ 60. Kc2 Nxb4+ 61. Kxd2 1-0

[Event "Nordnorsk Mesterskap 2025"]
[Site "Arena Nord Norge Thon Hotell H"]
[Date "2025.06.07"]
[Round "3"]
[White "Gulljord, Birk"]
[Black "Remman, Frank R."]
[Result "1/2-1/2"]
[WhiteElo "1900"]
[BlackElo "1855"]
[PlyCount "96"]
[EventDate "2025.??.??"]

1. d4 Nf6 2. c4 b6 3. Nf3 Bb7 4. g3 e6 5. Bg2 Be7 6. O-O O-O 7. Re1 Qc8 8. Nc3
Ne4 9. Qc2 Nxc3 10. bxc3 f5 11. d5 Na6 12. e4 fxe4 13. Rxe4 Nc5 14. Rg4 Bf6 15.
Bh6 Rf7 16. Ng5 Bxg5 17. Bxg5 exd5 18. cxd5 d6 19. Rf4 Qd7 20. Rxf7 Qxf7 21. c4
Re8 22. Be3 Nd7 23. Bh3 Nf8 24. Rd1 Qh5 25. Bg2 Ba6 26. Rd4 Bc8 27. Rh4 Bf5 28.
Qa4 Qf7 29. Rf4 Qd7 30. c5 Ng6 31. Qxd7 Bxd7 32. c6 Bc8 33. Ra4 a5 34. Kf1 Ba6+
35. Kg1 Bb5 36. Re4 Rxe4 37. Bxe4 Ne7 38. Bg5 Kf8 39. Bxe7+ Kxe7 40. a3 h6 41.
f4 Bc4 42. Kf2 Kf6 43. Ke3 Bf1 44. Kd4 Bh3 45. Bd3 Bf5 46. Be2 Bc8 47. Bf1 Bf5
48. Ba6 Bg4 1/2-1/2

[Event "Nordnorsk Mesterskap 2025"]
[Site "Arena Nord Norge Thon Hotell H"]
[Date "2025.06.07"]
[Round "3"]
[White "Tørfoss, Sivert S."]
[Black "Røyset, Pål N."]
[Result "0-1"]
[WhiteElo "2219"]
[BlackElo "2105"]
[PlyCount "140"]
[EventDate "2025.??.??"]

1. Nf3 d5 2. d4 c6 3. g3 Bf5 4. c4 e6 5. Nc3 Nf6 6. Bg2 h6 7. Qb3 Qb6 8. c5 Qc7
9. Bf4 Qc8 10. Nd2 Be7 11. e4 Bh7 12. O-O O-O 13. Rfe1 Rd8 14. Rad1 Bf8 15. Bh3
Nbd7 16. Rc1 g5 17. Be3 Nxc5 18. dxc5 d4 19. Bxd4 Rxd4 20. Nf3 Rd8 21. Qc4 Qc7
22. Bg2 g4 23. Nh4 Qe5 24. Nd1 Qd4 25. Ne3 h5 26. Qxd4 Rxd4 27. Rcd1 Bxc5 28.
e5 Nd5 29. Rxd4 Bxd4 30. Nc4 Bc5 31. Be4 b5 32. Nd2 Bb4 33. Rd1 Bxd2 34. Bxh7+
Kxh7 35. Rxd2 c5 36. f3 gxf3 37. Nxf3 Rg8 38. Rc2 c4 39. a4 a6 40. axb5 axb5
41. Nd4 Rb8 42. Rf2 Kg7 43. Nc6 Rc8 44. Nd4 b4 45. Kf1 Ne3+ 46. Ke1 c3 47. bxc3
bxc3 48. Nc2 Ng4 49. Re2 Rc5 50. h3 Nxe5 51. Re3 Nd7 52. Nd4 c2 53. Nb3 c1=Q+
54. Nxc1 Rxc1+ 55. Kf2 Nf6 56. Kg2 Kg6 57. Kh2 Rc2+ 58. Kh1 Nd5 59. Re4 Nf6 60.
Ra4 e5 61. g4 hxg4 62. hxg4 e4 63. Ra3 Nxg4 64. Ra7 e3 65. Ra6+ Kg5 66. Ra8 Kf4
67. Ra1 Kg3 68. Rg1+ Kh3 69. Rg2 Rc1+ 70. Rg1 Nf2# 0-1

[Event "Nordnorsk Mesterskap 2025"]
[Site "Arena Nord Norge Thon Hotell H"]
[Date "2025.06.08"]
[Round "4"]
[White "Remman, Frank R."]
[Black "Tørfoss, Sivert S."]
[Result "0-1"]
[WhiteElo "1855"]
[BlackElo "2219"]
[PlyCount "66"]
[EventDate "2025.??.??"]

1. d4 Nf6 2. Nf3 e6 3. g3 d5 4. Bg2 Bd6 5. Bg5 O-O 6. O-O h6 7. Bxf6 Qxf6 8. c4
Nc6 9. cxd5 exd5 10. Nc3 Ne7 11. e4 dxe4 12. Nxe4 Qe6 13. Re1 Qd7 14. Qd2 c6
15. Rad1 Qc7 16. h3 Be6 17. a3 Rad8 18. Qc1 Rfe8 19. Nc5 Bd5 20. Qc2 Qc8 21.
Kh2 Nf5 22. b4 Rxe1 23. Nxe1 Bxg2 24. Kxg2 Bxg3 25. Nf3 g6 26. Ne4 Bd6 27. d5
Bf8 28. Qb3 cxd5 29. Nf6+ Kh8 30. Ne5 Qe6 31. Qb2 Bg7 32. Neg4 h5 33. Qc1 hxg4
0-1

[Event "Nordnorsk Mesterskap 2025"]
[Site "Arena Nord Norge Thon Hotell H"]
[Date "2025.06.08"]
[Round "4"]
[White "Bech, Håvard E."]
[Black "Søraas, Torben"]
[Result "1/2-1/2"]
[WhiteElo "2037"]
[BlackElo "2122"]
[PlyCount "93"]
[EventDate "2025.??.??"]

1. c4 c5 2. Nc3 Nf6 3. Nf3 g6 4. g3 Nc6 5. Bg2 Bg7 6. O-O O-O 7. d4 Nxd4 8.
Nxd4 cxd4 9. Qxd4 d6 10. Qd3 a6 11. Bd2 Bf5 12. e4 Bd7 13. a4 Bc6 14. b3 Nd7
15. Qc2 Rc8 16. Rab1 b5 17. cxb5 axb5 18. Rfc1 bxa4 19. Nxa4 Qc7 20. Nb2 Bd4
21. Nc4 Bb5 22. Qd1 Bxc4 23. Bh6 Bg7 24. Bxg7 Kxg7 25. Rxc4 Qb6 26. Qc2 Rxc4
27. Qxc4 Ra8 28. b4 Ne5 29. Qc2 Qd4 30. b5 Rb8 31. h3 h5 32. Qb2 Qb6 33. Qc3
Rb7 34. Rc1 f6 35. Bf1 g5 36. Be2 g4 37. hxg4 hxg4 38. Qc8 Ra7 39. Qe6 Rc7 40.
Rxc7 Qxc7 41. Bxg4 Qb7 42. Be2 Qxe4 43. Qxe7+ Kg6 44. Qe8+ Kg7 45. Qe7+ Kg6 46.
Qe8+ Kg7 47. Qe7+ 1/2-1/2

[Event "Nordnorsk Mesterskap 2025"]
[Site "Arena Nord Norge Thon Hotell H"]
[Date "2025.06.08"]
[Round "4"]
[White "Røyset, Pål N."]
[Black "Selnes, Odd K"]
[Result "1-0"]
[WhiteElo "2105"]
[BlackElo "1873"]
[PlyCount "69"]
[EventDate "2025.??.??"]

1. e4 c6 2. d4 d5 3. exd5 cxd5 4. Bd3 Nc6 5. c3 Nf6 6. Nf3 Bg4 7. Nbd2 e6 8.
Qa4 Nd7 9. Ne5 Ndxe5 10. dxe5 Bh5 11. O-O Be7 12. Nf3 O-O 13. Bf4 Bg6 14. Bxg6
fxg6 15. Bg3 Qe8 16. Qg4 Rf5 17. Nd4 Nxd4 18. cxd4 h5 19. Qh3 g5 20. f3 Qg6 21.
Bf2 Rc8 22. Rac1 Rff8 23. Be3 Qf7 24. Qg3 Qf5 25. Qf2 g4 26. fxg4 Qxf2+ 27.
Rxf2 hxg4 28. Rxf8+ Rxf8 29. Rc7 Bd8 30. Rxb7 Bb6 31. a4 Rc8 32. a5 Bxa5 33.
Rxa7 Bb4 34. Rb7 Rc4 35. b3 1-0

[Event "Nordnorsk Mesterskap 2025"]
[Site "Arena Nord Norge Thon Hotell H"]
[Date "2025.06.08"]
[Round "4"]
[White "Larsen, Martin H."]
[Black "Halvorsen, Benjamin"]
[Result "1/2-1/2"]
[WhiteElo "2022"]
[BlackElo "1976"]
[PlyCount "93"]
[EventDate "2025.??.??"]

1. e4 e5 2. Nf3 Nc6 3. Bc4 Nf6 4. Ng5 d5 5. exd5 Na5 6. Bb5+ c6 7. dxc6 bxc6 8.
Qf3 cxb5 9. Qxa8 Qc7 10. Nc3 Nc6 11. a4 b4 12. Nb5 Qd7 13. d4 Nd5 14. Nf3 f6
15. a5 e4 16. Nd2 a6 17. Nc4 Kf7 18. Qxc8 Qxc8 19. Nbd6+ Bxd6 20. Nxd6+ Ke6 21.
Nxc8 Nxd4 22. O-O Nxc2 23. Ra4 Rxc8 24. Bd2 Nd4 25. Re1 Nb3 26. Be3 Kd6 27. Rd1
Rc4 28. h4 Kc6 29. Bb6 Nf4 30. Rd8 Kb5 31. Ra2 Nd3 32. Be3 Rc7 33. Rb8+ Kc4 34.
Rb6 Ndc1 35. Bxc1 Nxc1 36. Ra1 Kb3 37. Ra3+ Kxb2 38. Ra4 Nd3 39. Raxb4+ Nxb4
40. Rxb4+ Kc3 41. Rb6 Ra7 42. g4 Kd4 43. Kg2 Ke5 44. Kg3 g6 45. f4+ exf3 46.
Kxf3 h5 47. Rc6 1/2-1/2

[Event "Nordnorsk Mesterskap 2025"]
[Site "Arena Nord Norge Thon Hotell H"]
[Date "2025.06.08"]
[Round "4"]
[White "Gulljord, Birk"]
[Black "Solbu, August"]
[Result "1-0"]
[WhiteElo "1900"]
[BlackElo "1907"]
[PlyCount "109"]
[EventDate "2025.??.??"]

1. d4 Nf6 2. c4 e6 3. Nf3 d5 4. g3 Be7 5. Bg2 O-O 6. O-O dxc4 7. Qc2 a6 8. a4
Bd7 9. Qxc4 Bc6 10. Bf4 Bd6 11. Qc1 Nbd7 12. Nc3 Qe7 13. a5 Ne4 14. Re1 Nxc3
15. bxc3 Be4 16. Bg5 f6 17. Be3 Rfc8 18. Nd2 Bxg2 19. Kxg2 c5 20. Qb2 Rab8 21.
Qa2 cxd4 22. cxd4 Kh8 23. Rec1 f5 24. Nc4 Bc7 25. Qa3 Qf6 26. Nd6 Bxd6 27. Qxd6
Qf7 28. Rab1 Nf6 29. Bf4 Nd5 30. Rc5 Nxf4+ 31. Qxf4 Qe8 32. Rb6 Qd7 33. Qe5
Rxc5 34. Qxb8+ Rc8 35. Qxb7 Qxb7+ 36. Rxb7 Kg8 37. Rb6 Kf7 38. Rxa6 Rc4 39. e3
Ra4 40. Ra8 Ra2 41. a6 h6 42. a7 Ra6 43. Kf3 Ra2 44. h4 Ra4 45. h5 Ra5 46. Kf4
Ra2 47. f3 Ra3 48. e4 fxe4 49. fxe4 Ra5 50. d5 exd5 51. exd5 Ra6 52. Ke5 Ra5
53. Kd6 Ra1 54. Kd7 Ra5 55. d6 1-0